Dotyk anjela (Record no. 22831)
[ view plain ]
| 000 -LEADER | |
|---|---|
| fixed length control field | 01268cam a2200409 a 4500 |
| 001 - CONTROL NUMBER | |
| control field | 22831 |
| 003 - CONTROL NUMBER IDENTIFIER | |
| control field | SK-KTurca |
| 005 - DATE AND TIME OF LATEST TRANSACTION | |
| control field | 20260429102009.0 |
| 008 - FIXED-LENGTH DATA ELEMENTS--GENERAL INFORMATION | |
| fixed length control field | 150421s2014 xo ac j 000 fdslo d |
| 015 ## - NATIONAL BIBLIOGRAPHY NUMBER | |
| National bibliography number | SNBA2015/03 |
| 020 ## - INTERNATIONAL STANDARD BOOK NUMBER | |
| International Standard Book Number | 9788056400296 (brož.) |
| 035 ## - SYSTEM CONTROL NUMBER | |
| System control number | a000530896 |
| 040 ## - CATALOGING SOURCE | |
| Original cataloging agency | POKPOH |
| Language of cataloging | slo |
| Transcribing agency | UKB |
| Modifying agency | SNK |
| Description conventions | AACR2 |
| 041 1# - LANGUAGE CODE | |
| Language code of text/sound track or separate title | slo |
| Language code of original | ger |
| 044 ## - COUNTRY OF PUBLISHING/PRODUCING ENTITY CODE | |
| MARC country code | xo |
| ISO country code | SK |
| 072 #7 - SUBJECT CATEGORY CODE | |
| Subject category code | 821.112.2-3 |
| Subject category code subdivision | Nemecká próza, nemecky písaná |
| Source | konspekt |
| 072 #7 - SUBJECT CATEGORY CODE | |
| Subject category code | 821-93 |
| Subject category code subdivision | Literatúra pre deti a mládež (beletria) |
| Source | konspekt |
| 080 ## - UNIVERSAL DECIMAL CLASSIFICATION NUMBER | |
| Universal Decimal Classification number | 821.112.2(436)-31 |
| Edition identifier | 2004 |
| 080 ## - UNIVERSAL DECIMAL CLASSIFICATION NUMBER | |
| Universal Decimal Classification number | (0:82-31) |
| Edition identifier | 2004 |
| 080 ## - UNIVERSAL DECIMAL CLASSIFICATION NUMBER | |
| Universal Decimal Classification number | 821-93 |
| Edition identifier | 2004 |
| 100 1# - MAIN ENTRY--PERSONAL NAME | |
| Personal name | Brezina, Thomas, |
| Dates associated with a name | 1963- |
| 240 10 - UNIFORM TITLE | |
| Uniform title | Amy Angel. |
| Language of a work | Slovensky |
| 245 10 - TITLE STATEMENT | |
| Title | Dotyk anjela |
| Statement of responsibility, etc. | Thomas C. Brezina ; [z nemeckého originálu preložila Martina Vankúšová] |
| 250 ## - EDITION STATEMENT | |
| Edition statement | 2. vyd. |
| 260 ## - PUBLICATION, DISTRIBUTION, ETC. | |
| Place of publication, distribution, etc. | Bratislava |
| Name of publisher, distributor, etc. | Fragment |
| Date of publication, distribution, etc. | 2014 |
| 300 ## - PHYSICAL DESCRIPTION | |
| Extent | 352 s. |
| Other physical details | il., portr. |
| 490 1# - SERIES STATEMENT | |
| Series statement | Young adults |
| 653 ## - INDEX TERM--UNCONTROLLED | |
| Uncontrolled term | 821.112.2(436)-31 |
| 653 ## - INDEX TERM--UNCONTROLLED | |
| Uncontrolled term | 821-93 |
| 653 ## - INDEX TERM--UNCONTROLLED | |
| Uncontrolled term | (0:82-31) |
| 655 #7 - INDEX TERM--GENRE/FORM | |
| Genre/form data or focus term | rakúske romány |
| Source of term | UKBPH |
| 655 #7 - INDEX TERM--GENRE/FORM | |
| Genre/form data or focus term | publikácie pre mládež |
| Source of term | UKBPH |
| 700 1# - ADDED ENTRY--PERSONAL NAME | |
| Personal name | Vankúšová, Martina |
| Relationship | trl |
| 830 #0 - SERIES ADDED ENTRY--UNIFORM TITLE | |
| Uniform title | Young adults |
| 942 ## - ADDED ENTRY ELEMENTS (KOHA) | |
| Source of classification or shelving scheme | Dewey Decimal Classification |
| Koha item type | Krásna literatúra pre dospelých |
| Suppress in OPAC | No |
| Stav vyradenia | Strata | Poškodenie | Spôsob nadobudnutia | Domovská knižnica | Aktuálna knižnica | Dátum nadobudnutia | Total checkouts | Čiarový kód exemplára | Date last seen | Typ exemplára |
|---|---|---|---|---|---|---|---|---|---|---|
| Dar | Obecná knižnica Turčianska Štiavnička | Obecná knižnica Turčianska Štiavnička | 29.04.2026 | 4738001078 | 29.04.2026 | Krásna literatúra pre dospelých |
